[Event "Titled Tue 24th Jun Early"]
[Site "chess.com INT"]
[Date "2025.06.24"]
[Round "4"]
[White "Rahman, Masruri"]
[Black "Dobre, Claudiu-Cristian"]
[Result "1-0"]
[WhiteTitle "FM"]
[BlackTitle "IM"]
[WhiteElo "2407"]
[BlackElo "2287"]
[WhiteFideId "7101163"]
[BlackFideId "1211854"]
[EventDate "2025.06.24"]

1. d4 f5 2. e4 fxe4 3. Nc3 Nf6 4. Bg5 c6 5. f3 d5 6. fxe4 dxe4 7. Bc4 Bf5 8.
Nge2 e6 9. O-O Nbd7 10. Ng3 Qa5 11. a3 h6 12. Bd2 Bd6 13. Nb5 cxb5 14. Bxa5 Bxg3
15. Bb3 Bd6 16. Rxf5 exf5 17. Qf1 g6 18. Qxb5 b6 19. Qc6 Ke7 20. Bb4 Bxb4 21.
Qe6+ Kd8 22. axb4 Kc7 23. b5 Rhc8 24. d5 Re8 25. Qc6+ Kb8 26. Qd6+ Kb7 27. Qg3
g5 28. d6 f4 29. Qc3 Rac8 30. Qd4 Rc5 31. Qa4 Ra8 32. Qa6+ Kb8 33. Rd1 e3 34.
Kf1 Ne4 35. Rd4 Nd2+ 36. Ke2 Nxb3 37. cxb3 Rc8 38. Qa1 Kb7 39. Qb1 1-0

[Event "Titled Tue 24th Jun Early"]
[Site "chess.com INT"]
[Date "2025.06.24"]
[Round "4"]
[White "Shankland, Sam"]
[Black "Marichal Gonzalez, Ariel"]
[Result "1-0"]
[WhiteTitle "GM"]
[BlackTitle "IM"]
[WhiteElo "2666"]
[BlackElo "2268"]
[WhiteFideId "2004887"]
[BlackFideId "3503232"]
[EventDate "2025.06.24"]

1. c4 e6 2. g3 d5 3. Bg2 Nf6 4. Nf3 dxc4 5. Qa4+ c6 6. Qxc4 b5 7. Qb3 Bb7 8. O-O
Nbd7 9. d4 a6 10. Ne5 Nxe5 11. dxe5 Nd5 12. Nc3 Be7 13. Nxd5 cxd5 14. Be3 O-O
15. Bd4 a5 16. Rfc1 b4 17. e3 Ba6 18. Qd1 Qd7 19. Bf1 Bxf1 20. Qxf1 Rfc8 21.
Rxc8+ Rxc8 22. Rc1 h5 23. b3 h4 24. Kg2 hxg3 25. hxg3 Bf8 26. Kf3 g6 27. Ke2
Qb5+ 28. Kd2 Qxf1 29. Rxf1 Be7 30. Rc1 Rxc1 31. Kxc1 Bd8 32. Bc5 Bc7 33. f4 Kg7
34. Be7 Kh6 35. g4 Kg7 36. Kd2 Bb6 37. Kd3 Kg8 38. a3 bxa3 39. Bxa3 Kg7 40. g5
Kg8 41. e4 dxe4+ 42. Kxe4 Kg7 43. Kd3 Kg8 44. Be7 Kg7 45. Kc4 Be3 46. Kb5 Bd2
47. Bd8 Kf8 48. Bxa5 Bxf4 49. Bc7 Bxg5 50. b4 Bf4 51. Kc6 Be3 52. b5 g5 53. b6
Bxb6 54. Bxb6 f5 55. Kd6 Kf7 56. Be3 f4 57. Bd2 f3 58. Be3 g4 59. Bf2 1-0

[Event "Titled Tue 24th Jun Early"]
[Site "chess.com INT"]
[Date "2025.06.24"]
[Round "4"]
[White "Lerch, Johannes"]
[Black "Bratovic, Blaz"]
[Result "1-0"]
[WhiteTitle "FM"]
[BlackTitle "IM"]
[WhiteElo "2204"]
[BlackElo "2319"]
[WhiteFideId "1658069"]
[BlackFideId "14603551"]
[EventDate "2025.06.24"]

1. e4 c5 2. Nc3 Nc6 3. g3 g6 4. Bg2 Bg7 5. d3 d6 6. Be3 Nf6 7. h3 O-O 8. Qd2 Rb8
9. f4 e5 10. Nf3 Nd4 11. fxe5 dxe5 12. O-O Qe7 13. Nd5 Nxd5 14. exd5 f5 15. c3
Nxf3+ 16. Rxf3 Qd6 17. Rff1 b6 18. c4 Bd7 19. Rae1 Rbe8 20. Bh6 f4 21. Bxg7 Kxg7
22. gxf4 Rxf4 23. Rxf4 exf4 24. Rxe8 Bxe8 25. d4 g5 26. dxc5 Qxc5+ 27. Qf2 Bg6
28. Qxc5 bxc5 29. Kf2 Kf6 30. Ke2 Ke5 31. Bf3 Kd4 32. d6 Be8 33. Bg4 Kxc4 34. d7
Bxd7 35. Bxd7 Kd4 36. Bf5 h5 37. Bg6 g4 38. hxg4 hxg4 39. Bh5 g3 40. Bf3 c4 41.
Kd2 a5 42. Bg2 a4 43. a3 Kc5 44. Kc3 Kb5 45. Kd4 1-0

[Event "Titled Tue 24th Jun Early"]
[Site "chess.com INT"]
[Date "2025.06.24"]
[Round "4"]
[White "Cervantes Landeiro, Thalia"]
[Black "Fernandes, Rogerio Paulo Muller"]
[Result "1-0"]
[WhiteTitle "FM"]
[WhiteElo "2278"]
[BlackElo "2241"]
[WhiteFideId "3520498"]
[BlackFideId "2101599"]
[EventDate "2025.06.24"]

1. d4 Nf6 2. c4 c5 3. d5 b5 4. cxb5 a6 5. bxa6 Bxa6 6. Nc3 d6 7. Nf3 g6 8. g3
Bg7 9. e4 Bxf1 10. Kxf1 O-O 11. Kg2 Nbd7 12. a4 Ra6 13. Qc2 Qa8 14. Re1 e6 15.
dxe6 fxe6 16. Nb5 Qc6 17. Bf4 d5 18. exd5 exd5 19. Bd6 Re8 20. Rxe8+ Nxe8 21.
Bf4 Nb6 22. Nbd4 Qc8 23. Re1 Nxa4 24. Nb5 Nxb2 25. Be5 Nc4 26. Bxg7 Nxg7 27. Qd3
Qf5 28. Qb3 Rf6 29. Nc7 Ne6 30. Nxe6 Rxe6 31. Qb8+ Kg7 32. Qc7+ Qf7 33. Qxf7+
Kxf7 34. Ng5+ Kf6 35. Nxe6 d4 36. Nxc5 d3 37. Nxd3 h5 38. Nf4 Kf5 39. h4 Ne5 40.
Nd5 g5 41. Ne3+ Kf6 42. hxg5+ Kxg5 43. f4+ Kf6 44. fxe5+ Kxe5 45. Nc2+ Kf5 46.
Kf3 Kg5 47. Nd4 h4 48. Re5+ Kf6 49. Rf5+ Kg6 50. gxh4 Kh6 51. Kg4 Kg6 52. h5+
Kh6 53. Rf6+ Kg7 54. Ra6 Kh7 55. Kg5 Kh8 56. Kg6 1-0

[Event "Titled Tue 24th Jun Early"]
[Site "chess.com INT"]
[Date "2025.06.24"]
[Round "4"]
[White "Moussard, Jules"]
[Black "Cernov, Henrik"]
[Result "1-0"]
[WhiteTitle "GM"]
[BlackTitle "FM"]
[WhiteElo "2597"]
[BlackElo "2325"]
[WhiteFideId "642908"]
[BlackFideId "16258312"]
[EventDate "2025.06.24"]

1. Nf3 Nf6 2. b3 g6 3. Bb2 Bg7 4. g3 O-O 5. Bg2 d6 6. d4 b5 7. O-O Bb7 8. Nbd2
c5 9. e3 a5 10. c4 b4 11. a4 e6 12. Qe2 Nbd7 13. Rfd1 Qc7 14. Rac1 Rad8 15. h3
Rfe8 16. g4 h6 17. Nf1 Ne4 18. N3d2 Ndf6 19. Nxe4 Nxe4 20. f3 Nf6 21. Qf2 Bc6
22. Ng3 Nd7 23. d5 Bb7 24. Bxg7 Kxg7 25. f4 e5 26. f5 Nf6 27. Rf1 g5 28. Nh5+
Nxh5 29. f6+ Kh8 30. gxh5 e4 31. Qg3 Re5 32. Kf2 Bc8 33. Ke1 Bf5 34. Qxe5 dxe5
35. Rxf5 Qb6 36. Bxe4 Rd6 37. Ke2 Rxf6 38. Rxf6 Qxf6 39. Rf1 Qe7 40. d6 Qxd6 41.
Rxf7 Qe6 42. Rh7+ Kg8 43. Bd5 Qxd5 44. cxd5 Kxh7 45. d6 c4 46. bxc4 b3 47. Kd1
Kg7 48. d7 1-0

[Event "Titled Tue 24th Jun Early"]
[Site "chess.com INT"]
[Date "2025.06.24"]
[Round "4"]
[White "Llari, Marc"]
[Black "Kleimenov, Nikolay"]
[Result "0-1"]
[WhiteTitle "FM"]
[BlackTitle "CM"]
[WhiteElo "2334"]
[BlackElo "2199"]
[WhiteFideId "651044269"]
[BlackFideId "34414223"]
[EventDate "2025.06.24"]

1. Nf3 Nf6 2. g3 g6 3. b3 Bg7 4. Bb2 O-O 5. Bg2 d6 6. O-O Nbd7 7. d4 Re8 8. c4
Rb8 9. Nc3 b6 10. e4 Bb7 11. Re1 e5 12. d5 a5 13. Nd2 Nc5 14. a3 Nd3 15. Qc2
Nxe1 16. Rxe1 Nd7 17. b4 axb4 18. axb4 Ra8 19. Nb3 Rf8 20. h4 f5 21. exf5 gxf5
22. Bh3 Qf6 23. Nb5 Rac8 24. Na7 Rce8 25. Nb5 c6 26. dxc6 Bxc6 27. Rd1 Bxb5 28.
cxb5 Qe6 29. Bg2 e4 30. Bxg7 Kxg7 31. Nd4 Qf6 32. Nc6 Ne5 33. Qd2 Re6 34. Qd5
Nd3 35. Rxd3 exd3 36. Qxd3 f4 37. Kh2 Qb2 38. Nd4 Ref6 39. g4 Qxf2 40. Nf5+ Rxf5
41. gxf5 Qxh4+ 42. Bh3 Qf2+ 43. Bg2 Rf6 44. Qc3 Qg3+ 45. Qxg3+ fxg3+ 46. Kxg3
Rxf5 47. Bc6 Kf6 48. Kg4 h5+ 49. Kh4 Rf4+ 50. Kxh5 Rxb4 0-1

[Event "Titled Tue 24th Jun Early"]
[Site "chess.com INT"]
[Date "2025.06.24"]
[Round "4"]
[White "Tan, Zhongyi"]
[Black "Guliev, Gasan"]
[Result "1-0"]
[WhiteTitle "GM"]
[BlackTitle "CM"]
[WhiteElo "2546"]
[BlackElo "2123"]
[WhiteFideId "8603642"]
[BlackFideId "34165638"]
[EventDate "2025.06.24"]

1. e4 c5 2. Nf3 Nc6 3. Bb5 e6 4. O-O Nge7 5. Re1 Nd4 6. Nxd4 cxd4 7. c3 Nc6 8.
b4 a6 9. Bf1 Be7 10. Bb2 Bf6 11. a4 d6 12. Na3 O-O 13. b5 dxc3 14. dxc3 Ne5 15.
Qb3 Qb6 16. Rad1 Bd7 17. c4 axb5 18. Nxb5 Bxb5 19. cxb5 Ng4 20. Re2 Bxb2 21.
Rxb2 Rfd8 22. Rbd2 Nf6 23. Qb4 d5 24. exd5 Rxd5 25. h3 Rad8 26. a5 Qc7 27. a6
bxa6 28. bxa6 Rxd2 29. Rxd2 Rxd2 30. Qxd2 h6 31. Qd4 Nd5 32. a7 Qa5 33. Bc4 Nb6
34. Qd8+ Kh7 35. Bd3+ f5 36. Qc7 Qe1+ 37. Bf1 1-0

[Event "Titled Tue 24th Jun Early"]
[Site "chess.com INT"]
[Date "2025.06.24"]
[Round "4"]
[White "Abdou Ahmed Alem"]
[Black "Jiang, Andrew"]
[Result "0-1"]
[WhiteTitle "CM"]
[BlackTitle "FM"]
[WhiteElo "2002"]
[BlackElo "2242"]
[WhiteFideId "19603720"]
[BlackFideId "30953510"]
[EventDate "2025.06.24"]

1. d4 Nf6 2. Bf4 g6 3. e3 Bg7 4. Nf3 c5 5. c3 d6 6. Be2 Nh5 7. Bg5 h6 8. Bh4 g5
9. Bg3 Qb6 10. Na3 Qxb2 11. Nb5 Na6 12. Bc4 Bf5 13. O-O Nxg3 14. hxg3 O-O 15.
Nd2 d5 16. Bb3 c4 17. Ba4 Bd3 18. Re1 Rfc8 19. e4 Nc7 20. Nxc7 Rxc7 21. exd5 b5
22. Qf3 bxa4 23. d6 Rcc8 24. d7 Rd8 25. Nf1 e6 26. Rad1 Qxc3 27. Ne3 Qxd4 28.
Nxc4 Qxc4 29. Rxd3 Rab8 30. Red1 Qc7 31. Kh2 Qc4 32. Qe4 Qxe4 33. Re3 Qc6 34.
Rde1 Qxd7 35. R1e2 a3 36. Rf3 Qb5 37. Re4 Qd5 38. g4 Qxe4 39. Kg3 Be5+ 0-1

[Event "Titled Tue 24th Jun Early"]
[Site "chess.com INT"]
[Date "2025.06.24"]
[Round "4"]
[White "Tari, Aryan"]
[Black "Reshetnikov, Alexey"]
[Result "0-1"]
[WhiteTitle "GM"]
[BlackTitle "IM"]
[WhiteElo "2636"]
[BlackElo "2492"]
[WhiteFideId "1510045"]
[BlackFideId "4162080"]
[EventDate "2025.06.24"]

1. e4 e6 2. d4 d5 3. Nc3 Nf6 4. e5 Nfd7 5. f4 c5 6. Nf3 Nc6 7. Be3 a6 8. Qd2 b5
9. Nd1 Qb6 10. c3 b4 11. Be2 bxc3 12. bxc3 cxd4 13. Nxd4 Nxd4 14. Bxd4 Bc5 15.
O-O O-O 16. Ne3 a5 17. Rab1 Qa7 18. Rb5 Rb8 19. Rfb1 Ba6 20. Rxb8 Rxb8 21. Rxb8+
Nxb8 22. Bxa6 Nxa6 23. Qb2 g6 24. Ng4 Nb4 25. Qf2 Bxd4 26. Nf6+ Kg7 27. cxd4 Nc6
28. Qc2 Qxd4+ 29. Kf1 Qxf4+ 30. Kg1 Qd4+ 31. Kf1 Qa1+ 32. Kf2 Qd4+ 33. Kf1 Qc4+
34. Qxc4 dxc4 35. Nd7 Nb4 36. a4 Nd3 37. Ke2 Nb2 0-1

[Event "Titled Tue 24th Jun Early"]
[Site "chess.com INT"]
[Date "2025.06.24"]
[Round "4"]
[White "Plichta, Kamil"]
[Black "Wu, Jayden"]
[Result "1-0"]
[WhiteTitle "FM"]
[WhiteElo "2361"]
[BlackElo "2061"]
[WhiteFideId "1141830"]
[BlackFideId "30972558"]
[EventDate "2025.06.24"]

1. Nf3 d5 2. g3 Bg4 3. Bg2 Nd7 4. h3 Bxf3 5. Bxf3 e6 6. d3 Ngf6 7. Nd2 Bd6 8. e4
c6 9. Qe2 O-O 10. O-O Qc7 11. Bg2 Rfe8 12. Re1 Rad8 13. Nf3 e5 14. b3 Bb4 15.
Rd1 Bc3 16. Rb1 dxe4 17. dxe4 Nc5 18. Rxd8 Rxd8 19. Nh4 Ne6 20. Kh2 b5 21. a3 a5
22. b4 a4 23. Qf3 Bd4 24. c3 Bb6 25. Nf5 Qd7 26. Be3 Bxe3 27. Nxe3 Ng5 28. Qf5
Qxf5 29. exf5 Nge4 30. c4 g6 31. Kg1 Rd3 32. cxb5 cxb5 33. Ra1 Rb3 34. g4 Nc3
35. g5 Ne8 36. f6 h6 37. h4 hxg5 38. hxg5 Nc7 39. Ng4 Ne6 40. Nxe5 Nxg5 41. Nc6
Nb1 42. Nd4 Rb2 43. Nxb5 Nc3 44. Nxc3 Rb3 45. Nxa4 1-0

[Event "Titled Tue 24th Jun Early"]
[Site "chess.com INT"]
[Date "2025.06.24"]
[Round "4"]
[White "Oberoi, Shelev"]
[Black "Ugarte Soto, Cesar"]
[Result "1-0"]
[BlackTitle "CM"]
[WhiteElo "2174"]
[BlackElo "2088"]
[WhiteFideId "30908590"]
[BlackFideId "3601331"]
[EventDate "2025.06.24"]

1. d4 d5 2. Nc3 e6 3. e4 dxe4 4. Nxe4 Nf6 5. Nxf6+ Qxf6 6. Nf3 h6 7. Bd3 Nd7 8.
Be3 c5 9. Qe2 cxd4 10. Bxd4 Qe7 11. O-O-O a6 12. Rhe1 Nc5 13. Bc4 Qc7 14. Be5
Qb6 15. Nd4 Bd7 16. Nf5 Rg8 17. Bd6 O-O-O 18. Ne7+ Bxe7 19. Bxe7 Rde8 20. Bd6
Bc6 21. Bg3 Ne4 22. f3 Nxg3 23. hxg3 Rd8 24. a3 Rxd1+ 25. Rxd1 Rd8 26. Bd3 Bb5
27. Bxb5 Rxd1+ 28. Kxd1 Qxb5 29. Qxb5 axb5 30. Kd2 Kc7 31. Kd3 Kd6 32. c4 bxc4+
33. Kxc4 e5 34. b4 f5 35. a4 g5 36. a5 h5 37. b5 h4 38. gxh4 gxh4 39. a6 bxa6
40. bxa6 Kc6 41. a7 Kb7 42. Kd5 e4 43. fxe4 fxe4 44. Kxe4 Kxa7 45. Kf4 h3 46.
gxh3 Kb8 47. Kg5 Kc8 48. Kg6 Kd8 49. Kg7 Ke8 50. h4 Ke7 51. h5 1-0

[Event "Titled Tue 24th Jun Early"]
[Site "chess.com INT"]
[Date "2025.06.24"]
[Round "4"]
[White "Sydykov, Bayastan"]
[Black "Suarez, Pedro"]
[Result "1-0"]
[WhiteTitle "FM"]
[BlackTitle "CM"]
[WhiteElo "2301"]
[BlackElo "2066"]
[WhiteFideId "13829610"]
[BlackFideId "3007642"]
[EventDate "2025.06.24"]

1. Nf3 Nf6 2. c4 g6 3. g3 Bg7 4. Bg2 O-O 5. O-O d6 6. d4 Nbd7 7. Nc3 e5 8. e4
exd4 9. Nxd4 Re8 10. Re1 a5 11. h3 Nc5 12. Bf4 Nfd7 13. Qd2 Ne5 14. Bf1 Ne6 15.
Bxe5 Bxe5 16. Nf3 Bg7 17. Rad1 Qf6 18. Bg2 Nc5 19. Nd5 Qd8 20. Qc2 Be6 21. Nf4
Qe7 22. b3 Nd7 23. e5 Nxe5 24. Nxe5 dxe5 25. Nxe6 Qxe6 26. Bxb7 Rad8 27. Bg2
Rxd1 28. Rxd1 e4 29. Qd2 e3 30. Qxe3 Qxe3 31. fxe3 Rxe3 32. Kf2 Rc3 33. Rd8+ Bf8
34. Bd5 Kg7 35. Rd7 Bc5+ 36. Kf1 Bd6 37. Rxf7+ Kh6 38. g4 Rxh3 39. Be6 Rh2 40.
a4 Kg5 41. Rf3 Rb2 42. Rd3 h5 43. gxh5 gxh5 44. c5 Bf4 45. Rd5+ Kh4 46. Bf7 Kg3
47. Rxh5 Rxb3 48. Bxb3 1-0

[Event "Titled Tue 24th Jun Early"]
[Site "chess.com INT"]
[Date "2025.06.24"]
[Round "4"]
[White "Williams, Simon K"]
[Black "Huh, Isaak"]
[Result "1-0"]
[WhiteTitle "GM"]
[BlackTitle "CM"]
[WhiteElo "2444"]
[BlackElo "2139"]
[WhiteFideId "404454"]
[BlackFideId "13209590"]
[EventDate "2025.06.24"]

1. c4 c5 2. Nc3 Nc6 3. g3 Nf6 4. Bg2 e6 5. e4 Be7 6. Nge2 O-O 7. O-O Nd4 8. Nxd4
cxd4 9. Ne2 e5 10. d3 d6 11. h3 Bd7 12. a4 a6 13. Bd2 b5 14. cxb5 axb5 15. a5
Be6 16. f4 Qc8 17. f5 Bd7 18. g4 Ne8 19. g5 f6 20. h4 Ra6 21. Ng3 d5 22. g6 hxg6
23. fxg6 Bg4 24. Bf3 Bh3 25. exd5 Bxf1 26. Bg2 f5 27. Qh5 Nf6 28. Qxf5 Qxf5 29.
Nxf5 Bxg2 30. Nxe7+ Kh8 31. Kxg2 Re8 32. Nc6 Nxd5 33. Nb4 Rxg6+ 34. Kf3 Nf6 35.
a6 e4+ 36. dxe4 Nxe4 37. Bf4 Nc5 38. a7 Ra8 39. Bb8 Rf6+ 40. Ke2 Nd7 41. Rc1 Rf8
42. Nc6 Nxb8 43. axb8=Q Rfxb8 44. Nxb8 Rxb8 45. Kd3 Rd8 46. Rc5 Kh7 47. Rxb5 Kh6
48. Rg5 g6 49. b4 Rb8 50. b5 Rd8 51. Rg4 Kh5 52. Rxd4 Rb8 53. Rb4 Rb6 54. Kc3
Kh6 55. Kb3 Kh5 56. Ka4 1-0

[Event "Titled Tue 24th Jun Early"]
[Site "chess.com INT"]
[Date "2025.06.24"]
[Round "4"]
[White "Szpar, Milosz"]
[Black "Giri, Anish"]
[Result "0-1"]
[WhiteTitle "IM"]
[BlackTitle "GM"]
[WhiteElo "2495"]
[BlackElo "2748"]
[WhiteFideId "1184989"]
[BlackFideId "24116068"]
[EventDate "2025.06.24"]

1. e4 c5 2. Nf3 d6 3. d4 cxd4 4. Nxd4 Nf6 5. Nc3 a6 6. Bg5 Nbd7 7. a3 e6 8. f3
b5 9. Qd2 Bb7 10. Bd3 Be7 11. Be3 h5 12. O-O Rc8 13. a4 b4 14. Nce2 d5 15. exd5
Nxd5 16. Bf2 Ne5 17. Rad1 Nxd3 18. Qxd3 O-O 19. Ng3 h4 20. Ne4 h3 21. g3 Qc7 22.
Rfe1 Rfd8 23. Qf1 Nf6 24. Ng5 Rd5 25. Be3 Rcd8 26. Qxh3 e5 27. Nde6 Rxd1 28.
Nxc7 Rxe1+ 29. Kf2 Rdd1 30. g4 e4 31. Ne8 Rf1+ 32. Kg3 Rxf3+ 33. Nxf3 exf3 34.
Nxf6+ Bxf6 35. g5 Be5+ 36. Kf2 g6 37. Qh4 a5 38. Qc4 Kg7 39. Qb5 Bd5 40. Qe8
Bxh2 41. Bc5 Bg1+ 42. Kg3 Bxc5 43. Qe5+ Kg8 44. Qe8+ Bf8 0-1

[Event "Titled Tue 24th Jun Early"]
[Site "chess.com INT"]
[Date "2025.06.24"]
[Round "4"]
[White "Samsonkin, Artiom"]
[Black "Gubajdullin, Alexei"]
[Result "1-0"]
[WhiteTitle "IM"]
[BlackTitle "FM"]
[WhiteElo "2361"]
[BlackElo "2233"]
[WhiteFideId "13503111"]
[BlackFideId "4141202"]
[EventDate "2025.06.24"]

1. e4 c5 2. Nf3 d6 3. d4 cxd4 4. Nxd4 Nf6 5. Nc3 g6 6. Be3 Bg7 7. f3 h5 8. Qd2
a6 9. Bd3 b5 10. a4 b4 11. Nd5 Nxd5 12. exd5 Bb7 13. Be4 a5 14. O-O Qc8 15. f4
Qc4 16. f5 g5 17. Rad1 Nd7 18. Bxg5 Bxd5 19. Bxd5 Qxd5 20. Qe3 Be5 21. f6 Rg8
22. Nf3 Qc5 23. Qxc5 Nxc5 24. fxe7 Ne6 25. Bh4 Rg4 26. Nxe5 dxe5 27. Bf6 e4 28.
Rf5 Rg6 29. Bh4 Rg4 30. Rxh5 Rxh4 31. Rxh4 Kxe7 32. Rxe4 Rc8 33. Rd2 Rc5 34. h4
Kf6 35. g4 Kg6 36. Rf2 Rd5 37. h5+ Kg5 38. Rf5+ Rxf5 39. gxf5 Kxf5 40. h6 Kg6
41. Re5 Kxh6 42. Rxa5 Nd4 43. Rc5 f5 44. Kf2 f4 45. a5 Kg6 46. a6 Ne6 47. Rc6
Kf5 48. Rxe6 Kxe6 49. a7 1-0

[Event "Titled Tue 24th Jun Early"]
[Site "chess.com INT"]
[Date "2025.06.24"]
[Round "4"]
[White "Gan-Erdene, Sugar"]
[Black "Burovic, Rijad"]
[Result "1-0"]
[WhiteTitle "IM"]
[BlackTitle "IM"]
[WhiteElo "2454"]
[BlackElo "2420"]
[WhiteFideId "4902980"]
[BlackFideId "14407701"]
[EventDate "2025.06.24"]

1. Nf3 g6 2. d4 Bg7 3. e4 d6 4. Bc4 e6 5. O-O a6 6. a4 b6 7. Qe2 Bb7 8. Bg5 Ne7
9. Nc3 Nd7 10. h4 h6 11. Be3 O-O 12. Bd3 c5 13. Rfd1 Qc7 14. Qd2 cxd4 15. Nxd4
d5 16. exd5 Nxd5 17. Nxd5 Bxd5 18. c3 h5 19. Bh6 Nc5 20. Bxg7 Kxg7 21. Bc2 Qe5
22. Re1 Qf6 23. b4 Nd7 24. Be4 Qxh4 25. Nf3 Qf6 26. Bxd5 exd5 27. c4 Rad8 28.
cxd5 h4 29. Ng5 Ne5 30. Ne4 Qf5 31. Rad1 Rfe8 32. Qc3 Kg8 33. f3 h3 34. Ng3 Qf4
35. Kh2 hxg2 36. Kxg2 Re7 37. Re4 Qf6 38. f4 1-0

[Event "Titled Tue 24th Jun Early"]
[Site "chess.com INT"]
[Date "2025.06.24"]
[Round "4"]
[White "Shapiro, Daniel"]
[Black "Borges, Wagner da Silva"]
[Result "1-0"]
[WhiteTitle "FM"]
[BlackTitle "CM"]
[WhiteElo "2284"]
[BlackElo "2062"]
[WhiteFideId "2001780"]
[BlackFideId "2100401"]
[EventDate "2025.06.24"]

1. d4 Nf6 2. c4 g6 3. Nc3 d5 4. Nf3 Bg7 5. Qb3 dxc4 6. Qxc4 O-O 7. e4 Nc6 8. Be2
Bg4 9. Be3 Re8 10. Ng5 e6 11. f3 Bh5 12. g4 h6 13. Nh3 Nxg4 14. fxg4 Qh4+ 15.
Nf2 e5 16. d5 Nd4 17. O-O-O b5 18. Qd3 c5 19. dxc6 Rac8 20. gxh5 Rxc6 21. Kb1 b4
22. Nd5 Kh7 23. hxg6+ fxg6 24. Rc1 Rd6 25. Rc7 a5 26. Ng4 Rf8 27. Nxe5 Kg8 28.
Bxd4 Rxd5 29. Rxg7+ Kxg7 30. Nf3+ Rxd4 31. Qxd4+ Qf6 32. Qxf6+ Rxf6 33. Rc1 g5
34. e5 Rf5 35. Rc6 g4 36. Nh4 Rf2 37. Bxg4 Rxh2 38. Nf5+ Kh7 39. e6 h5 40. e7
Rh1+ 41. Kc2 Re1 42. Bxh5 Kg8 43. e8=Q+ Rxe8 44. Bxe8 1-0

[Event "Titled Tue 24th Jun Early"]
[Site "chess.com INT"]
[Date "2025.06.24"]
[Round "4"]
[White "Harshit, Ranjan Sahu"]
[Black "Rogov, Matfey"]
[Result "1-0"]
[WhiteTitle "CM"]
[BlackTitle "FM"]
[WhiteElo "2191"]
[BlackElo "2348"]
[WhiteFideId "25638815"]
[BlackFideId "44191308"]
[EventDate "2025.06.24"]

1. e4 c5 2. Nc3 e6 3. f4 Nf6 4. e5 Nd5 5. Nxd5 exd5 6. Nf3 Nc6 7. Bb5 c4 8. Bxc6
dxc6 9. O-O Bc5+ 10. Kh1 O-O 11. d4 cxd3 12. Qxd3 Qd7 13. Be3 b6 14. Bxc5 bxc5
15. c3 Rb8 16. Rf2 h6 17. Qe3 Qe7 18. Re1 Bf5 19. h3 Rfd8 20. b3 a5 21. Kh2 a4
22. bxa4 Ra8 23. g4 Be4 24. f5 f6 25. exf6 Qxf6 26. Qxc5 Rxa4 27. Qe3 Rda8 28.
Nd2 Qd6+ 29. Qg3 Qxg3+ 30. Kxg3 Rxa2 31. Nxe4 dxe4 32. Rxa2 Rxa2 33. Rxe4 Kf7
34. Rc4 Ra6 35. h4 Rb6 36. Kf4 Ra6 37. Rd4 Ra5 38. Rd7+ Kf8 39. g5 hxg5+ 40.
hxg5 Ra3 41. g6 Rxc3 42. Rd8+ Ke7 43. Rg8 Kf6 44. Rf8+ Ke7 45. Rf7+ Kd6 46. Rxg7
Rc1 47. Ra7 Rf1+ 48. Kg5 Ke5 49. Re7+ Kd6 50. Re4 c5 51. g7 Rg1+ 52. Rg4 Rxg4+
53. Kxg4 1-0

[Event "Titled Tue 24th Jun Early"]
[Site "chess.com INT"]
[Date "2025.06.24"]
[Round "4"]
[White "Souleidis, Georgios"]
[Black "Donchenko, Alexander"]
[Result "0-1"]
[WhiteTitle "IM"]
[BlackTitle "GM"]
[WhiteElo "2418"]
[BlackElo "2613"]
[WhiteFideId "4206827"]
[BlackFideId "24603295"]
[EventDate "2025.06.24"]

1. e4 c5 2. Be2 Nc6 3. f4 g6 4. Nf3 Bg7 5. O-O e6 6. c3 Nge7 7. d4 d5 8. e5 O-O
9. dxc5 Bd7 10. Be3 h5 11. Nbd2 b6 12. cxb6 axb6 13. Nb3 Nf5 14. Bf2 Bh6 15. Qd2
Qc7 16. a3 Rfb8 17. Rad1 Ra4 18. g3 Bf8 19. Nbd4 Nfxd4 20. Nxd4 Na5 21. Bd3 Nc4
22. Qe2 Raa8 23. Be3 Bh6 24. Bc1 Bf8 25. Kh1 Na5 26. g4 hxg4 27. Qxg4 Nc6 28.
Rg1 Nxd4 29. Bxg6 Bh6 30. Bxf7+ Kf8 31. cxd4 Qc2 32. Qg6 Qe4+ 33. Qxe4 dxe4 34.
Bg6 Bc6 35. Rg4 Ke7 36. Kg1 Rg8 37. h4 Rad8 38. h5 Ba4 39. Rd2 e3 40. Re2 Bd1 0-1

[Event "Titled Tue 24th Jun Early"]
[Site "chess.com INT"]
[Date "2025.06.24"]
[Round "4"]
[White "Brown, Akeem"]
[Black "Tsiolakidis, Anastasios"]
[Result "0-1"]
[WhiteTitle "CM"]
[BlackTitle "FM"]
[WhiteElo "2055"]
[BlackElo "2298"]
[WhiteFideId "7402023"]
[BlackFideId "4201477"]
[EventDate "2025.06.24"]

1. e4 c5 2. Nf3 d6 3. d4 cxd4 4. Nxd4 Nf6 5. Nc3 g6 6. Be3 Bg7 7. f3 O-O 8. Qd2
Nc6 9. O-O-O d5 10. Nxc6 bxc6 11. e5 Nd7 12. f4 a5 13. Na4 Ba6 14. Nc5 Bxf1 15.
Rhxf1 e6 16. Nxd7 Qxd7 17. Bc5 Rfb8 18. Rfe1 Rb5 19. Ba3 Rab8 20. Re3 Qb7 21.
Rb3 Bf8 22. Bxf8 Kxf8 23. Qc3 a4 24. Rxb5 Qxb5 25. b3 axb3 26. axb3 Kg7 27. Rd3
c5 28. Rg3 Qf1+ 29. Kb2 Qxf4 30. Qxc5 Qxe5+ 31. Qc3 Qxc3+ 32. Kxc3 e5 33. b4 f5
34. Kb3 d4 35. c4 dxc3 36. Rxc3 e4 37. g3 h5 38. h4 Kf6 39. Rc6+ Ke5 40. Rxg6 e3
41. Rg7 Re8 42. Rc7 Ke4 43. Rc1 e2 44. b5 Kd3 45. Rc3+ Kd2 46. Rc2+ Kd1 0-1

[Event "Titled Tue 24th Jun Early"]
[Site "chess.com INT"]
[Date "2025.06.24"]
[Round "4"]
[White "Beyer, Lorenz"]
[Black "Gibala, Adam"]
[Result "0-1"]
[WhiteTitle "CM"]
[BlackTitle "CM"]
[WhiteElo "2226"]
[BlackElo "2245"]
[WhiteFideId "16245393"]
[BlackFideId "21070288"]
[EventDate "2025.06.24"]

1. d4 Nf6 2. Bf4 d5 3. e3 c5 4. c3 Nc6 5. Nf3 e6 6. Nbd2 cxd4 7. exd4 Nh5 8. Bg5
f6 9. Bh4 Bd6 10. Ne5 Nf4 11. Nxc6 bxc6 12. Bg3 Rb8 13. Nb3 O-O 14. Qd2 e5 15.
Bxf4 exf4 16. Be2 f3 17. gxf3 Re8 18. O-O-O a5 19. Nc5 Qc7 20. Kb1 Bxc5 21. dxc5
a4 22. Ka1 Qe7 23. Rhe1 Qxc5 24. Bd3 Bd7 25. Re3 a3 26. b3 Qd6 27. Rde1 Qxh2 28.
Bc2 Rxe3 29. Rxe3 Re8 30. Rxe8+ Bxe8 31. Qe1 Qe5 32. Qe3 Qxe3 33. fxe3 Bd7 34.
Kb1 h5 35. Bd3 h4 36. Bf1 h3 37. b4 Bf5+ 38. Kc1 h2 39. Bg2 Kh7 40. e4 dxe4 41.
fxe4 Be6 42. Kc2 Bxa2 43. e5 Bd5 0-1